000
00236nam a22000857a 4500
999
_c
10977
_d
10977
008
180706b ||||| |||| 00| 0 eng d
100
_a
Verne Gabriel Jules
_9
6775
245
_a
20000 Leagues Under the Sea
260
_a
New Delhi
_b
Campfire
_c
2016